'N' TV Shows by Picture Quiz Stats

Quiz Updated Dec 6, 2013

Challenge
Share
Tweet
Score 0/16 Timer 05:00
1 Play Today
Location Show % Correct
1BNCIS
91.2%
2AThe Nanny
75.6%
3CNYPD Blue
69.3%
2DThe Newlywed Game
67.8%
4CNurse Jackie
65.2%
4BThe New Adventures of Old Christine
61.9%
3BNewhart
60.4%
1ANight Court
59.3%
Location Show % Correct
2BNumb3rs
50.2%
3ANip/Tuck
40%
2CNash Bridges
39.4%
4DNewsRadio
36.7%
1DName that Tune
33%
1CNorthern Exposure
28%
4ANorm
12.3%
3DNo Ordinary Family
7.7%

You're not logged in!

Compare scores with friends on all Sporcle quizzes.
Join for Free
OR
Log In

You Might Also Like...

Show Comments

Extras

Top Quizzes Today


Score Distribution

Your Account Isn't Verified!

In order to create a playlist on Sporcle, you need to verify the email address you used during registration. Go to your Sporcle Settings to finish the process.

Report this User

Report this user for behavior that violates our Community Guidelines.

Details: